Представление документа в формате MARC21

Поле Инд. ПП Название Значение
Тип записи a
Библиографический уровень m
001 Контрольный номер RU/IS/BASE/264539463
005 Дата корректировки 20250523120616.4
008 Кодируемые данные 19961022
020 00 a ISBN 5-09-000378-5
040 00 e Правила каталог. Г.Я. 961022
084 a Индекс другой классификации/Индекс ББК 24гя72; 24.114я72; 24.5я72; 24.116я72
090 00 a Полочн. индекс 24гя72
x Авторский знак М 151
097 00 a 230
100 10 a Автор Макареня А. А.
q Полное имя Макареня Александр Александрович
245 00 a Заглавие Д. И. Менделеев
b Продолж. заглавия книга для учащихся
250 00 a Основные сведения об издании 3-е изд., перераб.
260 00 a Место издания Москва
b Издательство Просвещение
c Дата издания 1988
300 00 a Объем 128 с.
b Иллюстрации/ тип воспроизводства ил.
336 a Термин вида содержания Текст
337 a Термин типа средства непосредственный
440 00 a Серия Люди науки
600 14 a Персоналии Менделеев Дмитрий Иванович
650 04 a Основная рубрика история науки
a Основная рубрика химия
653 00 a Ключевые слова биографии
a Ключевые слова история химии
a Ключевые слова наука
a Ключевые слова научная деятельность
a Ключевые слова периодическая система химических элементов
a Ключевые слова периодический закон Менделеева
a Ключевые слова растворы
a Ключевые слова физическая химия
a Ключевые слова химические соединения
655 00 a Жанр/ форма (устаревшее) учебное пособие
700 10 a Автор Рысев Ю. В.
q Полное имя Рысев Юрий Владимирович
901 t Тип документа m
952 a Тип литературы для КСУ ВШ УИ